| 000 | 00358nam a2200145Ia 4500 | ||
|---|---|---|---|
| 008 | 240624s9999 xx 000 0 und d | ||
| 041 | _aeng | ||
| 082 | _a658.4012 TOV | ||
| 100 | _aTOVSTIGA GEORGE | ||
| 245 | _aSTRATEGY IN PRACTICE A PRACTITIONER S GU | ||
| 250 | _a(3rd ed.) | ||
| 260 |
_c2015 _aChichester _bWiley |
||
| 300 | _a376 : p. | ||
| 365 |
_c _b30 |
||
| 999 |
_c26565 _d26565 |
||